| 000 | 00893cam a2200277 a 4500 | ||
|---|---|---|---|
| 001 | 14095598 | ||
| 003 | OSt | ||
| 005 | 20240530110416.0 | ||
| 008 | 050901s2004 ua a f 000 0 eng d | ||
| 020 | _a9774248511 | ||
| 035 | _a(OCoLC)ocm55086220 | ||
| 040 |
_aEG-CaGPL _cEG-CaGPL |
||
| 041 | 1 | _aeng | |
| 042 | _alccopycat | ||
| 043 | _af-ua--- | ||
| 082 | 0 | 4 |
_a779 _bCC/D E _221 |
| 100 | 1 | _aDogliani, Silvia. | |
| 245 | 1 | 0 |
_aEgypt unexpected : _b1001 days in photographs / _cSilvia Dogliani ; in collaboration with Theresa Everline. |
| 260 |
_aCairo ; _aNew York : _bAmerican University in Cairo Press, _c2004 |
||
| 300 |
_a220 p. : _bcol. ill. ; _c31 cm. |
||
| 651 | 0 |
_aEgypt _vPictorial works. |
|
| 651 | 0 |
_aEgypt _xDescription and travel. |
|
| 700 | 1 | _aEverline, Theresa. | |
| 856 | 4 | 1 |
_3Table of contents only _uhttp://www.loc.gov/catdir/toc/fy0613/2005357438.html |
| 942 |
_2ddc _cBK |
||
| 999 |
_c60557 _d60557 |
||